000
00283nam a22001217a 4500
008
181221b xxu||||| |||| 00| 0 eng d
041
_a
eng
080
_2
6 th
_a
159.9
100
_a
49
101
_a
PSY
245
_a
Psychology Today An Introduction
_c
Bower.G.H
942
_2
udc
_c
BK
999
_c
53594
_d
53594